Lana Del Rey- Season of the Witch (All Lyrics) - Statistics

General Stats
  • This quiz has been taken 88 times
  • The average score is 238 of 295
Answer Stats
Lyrics % Correct
the
98%
(Mmm)
97%
of
97%
(Of
97%
season
97%
season,
97%
witch
97%
Witch,
97%
(Witch)
97%
witch)
97%
Witch
97%
be
95%
be)
95%
be,
95%
I
93%
must
93%
Must
93%
(Must
93%
Oh
93%
you
90%
to
87%
it
85%
When
84%
when
84%
It's
82%
look
82%
my
82%
me
80%
me)
80%
no,
80%
So
80%
so
80%
(So
80%
got
79%
see
79%
see?
79%
window
77%
Many
72%
many
72%
people
72%
strange,
72%
strange
72%
strange)
72%
up
72%
And
70%
every
69%
out
69%
pick
69%
then?)
69%
do
66%
very
66%
You've
64%
(You've
64%
(What
62%
What
62%
over
59%
Over
59%
shoulder
59%
stitch
59%
stitch)
59%
think
59%
sights
57%
at
54%
different
52%
in
49%
looking
49%
cat
46%
happens
46%
Some
46%
(Ah,
43%
rich
39%
make
38%
Said
38%
other
36%
Hmm,
33%
hmm
33%
are
30%
he's
28%
He's
28%
(Gonna
26%
gonna
26%
They're
21%
(Shadoop,
20%
shadoop)
20%
Beatniks
18%
No matching quizzes found
Score Distribution
Percent of People with Each Score
Percentile by Number Answered
Your Score History
You have not taken this quiz